[Event "25th European Teams"]
[Site "Batumi GEO"]
[Date "2025.10.09"]
[Round "5.20"]
[Board "1"]
[White "Waldhausen Gordon, Frederick"]
[Black "Nielsen, Hogni Egilstoft"]
[Result "1/2-1/2"]
[WhiteTitle "FM"]
[BlackTitle "IM"]
[WhiteElo "2389"]
[BlackElo "2389"]
[WhiteTeam "Scotland"]
[BlackTeam "Faroe Islands"]
[WhiteFideId "2409143"]
[BlackFideId "7200404"]
[EventDate "2025.10.05"]

1. e4 e5 2. Nf3 Nc6 3. Bb5 a6 4. Ba4 d6 5. O-O Ne7 6. Nc3 Ng6 7. Nd5 Be7 8. d4
Bd7 9. dxe5 dxe5 10. Be3 O-O 11. c3 b5 12. Bb3 Na5 13. Nxe7+ Qxe7 14. Nd2 Rfd8
15. Qf3 Be6 16. Rfd1 Rab8 17. g3 Nc4 18. Bxc4 bxc4 19. b3 cxb3 20. Nxb3 Rxd1+
21. Qxd1 Rd8 22. Qe2 Bc8 23. Nc5 Nf8 24. Nxa6 Ne6 25. Nb4 Qd6 26. f3 Bb7 27. Qb5
Ba8 28. Qa6 Qd7 29. Rb1 h6 30. Qc4 Ng5 31. Rf1 Kh7 32. Na6 f5 33. Nc5 Qc6 34.
Qa6 Qxa6 35. Nxa6 fxe4 36. Bxg5 hxg5 37. Nxc7 exf3 38. Nxa8 e4 39. Re1 Rxa8 40.
Rxe4 Rxa2 41. Re3 g4 42. Re4 Rg2+ 43. Kf1 Rxh2 44. Rxg4 Rc2 45. Rf4 Rxc3 46. Kf2
g5 47. Rxf3 1/2-1/2

[Event "25th European Teams"]
[Site "Batumi GEO"]
[Date "2025.10.09"]
[Round "5.20"]
[Board "2"]
[White "Apol, Luitjen Akselsson"]
[Black "Muir, Andrew J"]
[Result "1-0"]
[WhiteTitle "FM"]
[BlackTitle "IM"]
[WhiteElo "2318"]
[BlackElo "2157"]
[WhiteTeam "Faroe Islands"]
[BlackTeam "Scotland"]
[WhiteFideId "7202466"]
[BlackFideId "2400138"]
[EventDate "2025.10.05"]

1. e4 c5 2. Nf3 Nc6 3. d4 cxd4 4. Nxd4 Nf6 5. Nc3 d6 6. Bg5 e6 7. Qd2 Be7 8.
O-O-O O-O 9. f4 Nxd4 10. Qxd4 Qa5 11. Kb1 Rd8 12. Bd3 Bd7 13. h4 Bc6 14. Qe3 Rd7
15. Qh3 b5 16. f5 e5 17. Bxf6 Bxf6 18. g4 b4 19. Nd5 Bxd5 20. exd5 e4 21. Bxe4
Rc7 22. g5 Be5 23. f6 Rac8 24. h5 Qa4 25. Qf5 g6 26. hxg6 fxg6 27. Qe6+ Kf8 28.
Rxh7 Rxh7 29. Qxc8+ Kf7 30. Qe6+ Kf8 31. Bxg6 Rc7 32. Rh1 1-0

[Event "25th European Teams"]
[Site "Batumi GEO"]
[Date "2025.10.09"]
[Round "5.20"]
[Board "3"]
[White "Grant, Jonathan I M"]
[Black "Egilstoft, Rogvi"]
[Result "0-1"]
[BlackTitle "FM"]
[WhiteElo "2134"]
[BlackElo "2304"]
[WhiteTeam "Scotland"]
[BlackTeam "Faroe Islands"]
[WhiteFideId "2400294"]
[BlackFideId "7200447"]
[EventDate "2025.10.05"]

1. c4 e5 2. Nc3 d6 3. g3 f5 4. d4 Be7 5. Nf3 e4 6. Ng1 c6 7. d5 Nf6 8. f3 Nbd7
9. Bg2 cxd5 10. cxd5 Qb6 11. Nh3 O-O 12. Nf2 Ne5 13. O-O Bd7 14. Kh1 exf3 15.
exf3 Bb5 16. Nxb5 Qxb5 17. Re1 Bd8 18. a4 Qd7 19. Nh3 Rc8 20. Nf4 Ba5 21. Re2
Rfe8 22. h4 Qf7 23. Be3 a6 24. Bd4 Bb4 25. Rc1 Rxc1 26. Qxc1 Nxd5 27. Nxd5 Qxd5
28. Qe3 Qa2 29. f4 Qxa4 30. fxe5 dxe5 31. Kh2 Bd6 32. Bc5 f4 33. gxf4 Bxc5 34.
Bd5+ Kh8 35. Qxc5 Qxf4+ 36. Kg1 Qg3+ 37. Bg2 Rd8 38. Qc1 Qxh4 39. Rxe5 h6 40.
Re4 Qh5 41. Re1 Qa5 42. Qe3 Qb4 43. Qe5 b5 44. Re3 Rd1+ 45. Kh2 Qd6 46. Qxd6
Rxd6 47. Re8+ Kh7 48. Be4+ g6 49. Re7+ Kg8 50. Kg3 Rd4 51. Kf3 Kf8 52. Rc7 Rb4
53. Rc2 g5 54. Bd5 Ke7 55. b3 a5 56. Rh2 Kd6 57. Bg8 Rf4+ 58. Ke3 Rh4 59. Rxh4
gxh4 60. Kd4 h3 61. Bd5 h2 62. Bh1 h5 63. Bg2 h4 64. Bh1 h3 65. Bb7 a4 66. bxa4
bxa4 67. Ba8 a3 68. Kc3 Ke5 69. Kb3 Kf4 0-1

[Event "25th European Teams"]
[Site "Batumi GEO"]
[Date "2025.10.09"]
[Round "5.20"]
[Board "4"]
[White "Poulsen, Martin"]
[Black "Mitchell, Martin"]
[Result "0-1"]
[WhiteTitle "FM"]
[WhiteElo "2276"]
[BlackElo "2117"]
[WhiteTeam "Faroe Islands"]
[BlackTeam "Scotland"]
[WhiteFideId "7200315"]
[BlackFideId "2400634"]
[EventDate "2025.10.05"]

1. b3 e5 2. Bb2 Nc6 3. c4 Nf6 4. g3 d5 5. cxd5 Qxd5 6. Nf3 e4 7. Nc3 Qa5 8. Nh4
Ba3 9. Qc1 Bxb2 10. Qxb2 O-O 11. Rc1 Re8 12. h3 b6 13. Ng2 Nd4 14. Ne3 Ba6 15.
Bg2 Rad8 16. b4 Qe5 17. Qa3 Bb5 18. Bf1 Qd6 19. Qb2 Ba6 20. Rd1 Nh5 21. Rg1 c5
22. b5 Bb7 23. d3 exd3 24. Rxd3 Qe6 25. h4 Nf6 26. Rd1 Ne4 27. Nxe4 Bxe4 28. Bg2
Nc2+ 29. Nxc2 Rxd1+ 30. Kxd1 Bxg2 31. Ne3 Bd5 32. Kd2 Bxa2 33. Ra1 Qd7+ 34. Ke1
Be6 35. Rd1 Qb7 36. Rd6 h6 37. Qe5 Qe7 38. Rc6 Qd7 39. Rc7 Qxb5 40. f4 Bg4 41.
Nxg4 Rxe5 42. Nxe5 f6 43. Rc8+ Kh7 44. Nf7 Kg6 45. Nh8+ Kf5 46. Rc7 g5 47. Nf7
Qb4+ 48. Kf2 gxf4 49. Nxh6+ Kg6 50. Ng8 Qd4+ 0-1

[Event "25th European Teams"]
[Site "Batumi GEO"]
[Date "2025.10.10"]
[Round "6.1"]
[Board "1"]
[White "Ponomariov, Ruslan"]
[Black "Maurizzi, MarcAndria"]
[Result "1/2-1/2"]
[WhiteTitle "GM"]
[BlackTitle "GM"]
[WhiteElo "2633"]
[BlackElo "2624"]
[WhiteTeam "Ukraine"]
[BlackTeam "France"]
[WhiteFideId "14103320"]
[BlackFideId "36083534"]
[EventDate "2025.10.05"]

1. e4 c6 2. d4 d5 3. Nc3 dxe4 4. Nxe4 Nf6 5. Nxf6+ exf6 6. c3 Bd6 7. Bd3 O-O 8.
Ne2 Re8 9. Qc2 g6 10. h4 Be6 11. h5 f5 12. Be3 Nd7 13. O-O-O Nf6 14. Bg5 Be7 15.
Nf4 Nd5 16. Bxe7 Rxe7 17. Nxe6 Rxe6 18. Qd2 Qf6 19. Rde1 Rae8 20. Rxe6 Rxe6 21.
g3 Qe7 22. Kd1 b5 23. Re1 Kg7 24. a3 Qf6 25. Rxe6 Qxe6 26. Qe2 Kf6 27. Kd2 g5
28. c4 bxc4 29. Bxc4 Qd6 30. Qe8 h6 31. Kd3 a5 32. Qh8+ Ke7 33. Qe5+ Qxe5 34.
dxe5 Nb6 35. f4 gxf4 36. gxf4 c5 37. Bb3 1/2-1/2

[Event "25th European Teams"]
[Site "Batumi GEO"]
[Date "2025.10.10"]
[Round "6.1"]
[Board "2"]
[White "Fressinet, Laurent"]
[Black "Korobov, Anton"]
[Result "1/2-1/2"]
[WhiteTitle "GM"]
[BlackTitle "GM"]
[WhiteElo "2602"]
[BlackElo "2596"]
[WhiteTeam "France"]
[BlackTeam "Ukraine"]
[WhiteFideId "608742"]
[BlackFideId "14105730"]
[EventDate "2025.10.05"]

1. d4 d5 2. c4 c6 3. Nc3 Nf6 4. e3 e6 5. Nf3 Nbd7 6. Qc2 b6 7. Be2 Bb7 8. O-O
Be7 9. b3 O-O 10. Bb2 Qc7 11. Rfd1 Rfd8 12. Rac1 Rac8 13. Bd3 Qb8 14. Qe2 c5 15.
cxd5 Nxd5 16. Nxd5 Bxd5 17. Ba6 Bb7 18. h3 Bf6 19. Bxb7 Qxb7 20. dxc5 Bxb2 21.
c6 Rxc6 22. Rxc6 Qxc6 23. Qxb2 Rc8 24. Qa3 Qc7 25. Qe7 Nf8 26. Qxc7 Rxc7 27. Kf1
f6 28. Nd4 a6 29. Rd2 Kf7 30. Rc2 Rxc2 31. Nxc2 1/2-1/2

[Event "25th European Teams"]
[Site "Batumi GEO"]
[Date "2025.10.10"]
[Round "6.1"]
[Board "3"]
[White "Kovalenko, Igor"]
[Black "Laurent-Paoli, Pierre"]
[Result "1-0"]
[WhiteTitle "GM"]
[BlackTitle "GM"]
[WhiteElo "2669"]
[BlackElo "2570"]
[WhiteTeam "Ukraine"]
[BlackTeam "France"]
[WhiteFideId "14117908"]
[BlackFideId "26017962"]
[EventDate "2025.10.05"]

1. d4 Nf6 2. Nf3 d5 3. c4 e6 4. Nc3 Bb4 5. cxd5 exd5 6. Bg5 h6 7. Bh4 O-O 8. e3
Bf5 9. Be2 Nbd7 10. O-O c6 11. Qb3 Qb6 12. Nd2 Rfe8 13. Rfc1 Bd6 14. Bg3 Bxg3
15. hxg3 h5 16. Qxb6 axb6 17. a4 Nb8 18. Ra3 g6 19. b4 Rc8 20. Nb3 Ne4 21. Nxe4
Bxe4 22. g4 hxg4 23. Bxg4 Re8 24. Nd2 b5 25. Rca1 bxa4 26. Rxa4 Rxa4 27. Rxa4
Na6 28. Bd7 Ra8 29. Nxe4 dxe4 30. Ra5 Kf8 31. b5 cxb5 32. Rxb5 Rb8 33. Rb6 Ke7
34. Ba4 Nc7 35. Bc6 f5 36. f3 exf3 37. Bxf3 Ne6 38. Kf2 g5 39. Bd5 Nf8 40. Kf3
Rd8 41. Rxb7+ Kf6 42. Rb6+ Kg7 43. Rb5 Ng6 44. g3 Rd6 45. Rb7+ Kh6 46. Bf7 g4+
47. Ke2 Kg5 48. Bc4 Kf6 49. Rf7+ Kg5 50. Bd3 Rf6 51. Rb7 Rd6 52. Rb5 Ne7 53.
Bxf5 Nxf5 54. e4 Rxd4 55. Rxf5+ Kg6 56. Ke3 Rd1 57. Kf4 Ra1 58. Kxg4 Ra2 59. Rb5
Ra1 60. Rb6+ Kf7 61. Kf5 Rf1+ 62. Kg5 Re1 63. Rb4 Kg7 64. g4 Ra1 65. Rb7+ Kg8
66. e5 Ra2 67. Kf6 Rf2+ 68. Kg6 Rf8 69. e6 Ra8 70. g5 Rc8 71. Kh6 Kh8 72. g6 Re8
73. e7 Rxe7 74. Rb8+ 1-0

[Event "25th European Teams"]
[Site "Batumi GEO"]
[Date "2025.10.10"]
[Round "6.1"]
[Board "4"]
[White "Lagarde, Maxime"]
[Black "Samunenkov, Ihor"]
[Result "1/2-1/2"]
[WhiteTitle "GM"]
[BlackTitle "GM"]
[WhiteElo "2617"]
[BlackElo "2568"]
[WhiteTeam "France"]
[BlackTeam "Ukraine"]
[WhiteFideId "662399"]
[BlackFideId "14187086"]
[EventDate "2025.10.05"]

1. e4 e5 2. Nf3 Nf6 3. Nxe5 d6 4. Nf3 Nxe4 5. d4 d5 6. Bd3 Be7 7. O-O Bf5 8. c4
dxc4 9. Bxc4 O-O 10. Re1 Nc6 11. Nc3 Nxc3 12. bxc3 Bd6 13. Ng5 Qf6 14. Qf3 Rfe8
15. Bd2 Bg6 16. Qg4 h6 17. Ne4 Qf5 18. Qxf5 Bxf5 19. f3 Na5 20. Bb5 Rec8 21.
Rac1 Ba3 22. Rc2 c5 23. c4 Nc6 24. Bxc6 bxc6 25. Re3 Bb4 26. Bxb4 cxb4 27. a3
Rab8 28. Rb2 Rd8 29. d5 cxd5 30. cxd5 Rxd5 31. Rxb4 Rxb4 32. axb4 Rd4 33. b5
Bxe4 34. fxe4 Rb4 35. Ra3 Rxb5 36. Rxa7 g6 1/2-1/2

[Event "25th European Teams"]
[Site "Batumi GEO"]
[Date "2025.10.10"]
[Round "6.2"]
[Board "1"]
[White "Giri, Anish"]
[Black "Predke, Alexandr"]
[Result "1-0"]
[WhiteTitle "GM"]
[BlackTitle "GM"]
[WhiteElo "2759"]
[BlackElo "2634"]
[WhiteTeam "Netherlands"]
[BlackTeam "Serbia"]
[WhiteFideId "24116068"]
[BlackFideId "24107581"]
[EventDate "2025.10.05"]

1. d4 d5 2. c4 e6 3. Nf3 Nf6 4. g3 Be7 5. Bg2 O-O 6. O-O dxc4 7. Qc2 b6 8. Bg5
h6 9. Bxf6 Bxf6 10. Rd1 Nc6 11. Qxc4 Bb7 12. Nc3 Na5 13. Qa4 Qe8 14. Qc2 Rc8 15.
b4 Bxf3 16. Bxf3 Nc6 17. Bxc6 Qxc6 18. Rac1 Qc4 19. Qa4 Be7 20. a3 a6 21. e3
Rfd8 22. Nb1 Qe2 23. Rd2 Qf3 24. Qxa6 Ra8 25. Qe2 Qxe2 26. Rxe2 c5 27. dxc5 bxc5
28. bxc5 Bxc5 29. Rxc5 Rd1+ 30. Kg2 Rxb1 31. Ra2 Ra4 32. Rc8+ Kh7 33. Rc7 Rb3
34. Rxf7 Rbxa3 35. Rb2 Ra7 36. Rf4 Ra2 37. Rbb4 Kg6 38. Rbe4 R7a6 39. Rg4+ Kh7
40. Rb4 Ra7 41. Rgf4 Kg6 42. Rfe4 Kf7 43. Rb6 Re7 44. Rf4+ Kg8 45. g4 Ra5 46. h4
Re8 47. Kg3 Ra7 48. Rb5 Rae7 49. Re5 Ra7 50. Rfe4 Ra6 51. f4 Re7 52. h5 Kh7 53.
Rb4 Rc7 54. Rb8 Rf7 55. Re8 Rf6 56. Rb5 Ra7 57. Rbb8 g5 58. Rh8+ Kg7 59. Rbg8+
Kf7 60. Rf8+ 1-0

[Event "25th European Teams"]
[Site "Batumi GEO"]
[Date "2025.10.10"]
[Round "6.2"]
[Board "2"]
[White "Sarana, Alexey"]
[Black "Van Foreest, Jorden"]
[Result "0-1"]
[WhiteTitle "GM"]
[BlackTitle "GM"]
[WhiteElo "2661"]
[BlackElo "2697"]
[WhiteTeam "Serbia"]
[BlackTeam "Netherlands"]
[WhiteFideId "24133795"]
[BlackFideId "1039784"]
[EventDate "2025.10.05"]

1. d4 Nf6 2. c4 g6 3. Nc3 Bg7 4. e4 d6 5. Be2 e5 6. dxe5 dxe5 7. Qxd8+ Kxd8 8.
f4 Nc6 9. Nf3 Nd7 10. Ng5 Ke8 11. Nd5 h6 12. Nf3 Kd8 13. Be3 Nd4 14. Nxd4 exd4
15. Bf2 c6 16. Nb4 Nc5 17. O-O-O Kc7 18. e5 Ne6 19. Nd3 h5 20. Bh4 b6 21. Rhf1
Bh6 22. Bf6 Re8 23. h3 Ba6 24. b3 b5 25. cxb5 Bxb5 26. g3 Nc5 27. Nxc5 Bxe2 28.
Rfe1 Bxd1 29. Rxd1 h4 30. e6 hxg3 31. Be5+ Kb6 32. Bxd4 Bxf4+ 33. Kc2 fxe6 34.
Nxe6+ c5 35. Bxc5+ Kc6 36. Nxf4 Kxc5 37. Rd5+ Kc6 38. Rg5 Re3 39. Rxg6+ Kc5 40.
Nd3+ Kd5 41. Nf4+ Ke4 42. Nh5 Rc8+ 43. Kb2 Rcc3 44. Rg4+ Kf5 45. Ng7+ Ke5 46.
Nh5 Rf3 47. Rg5+ Ke4 48. Rg4+ Kf5 49. Ng7+ Ke5 50. Rg5+ Ke4 51. Nh5 Rce3 52. Ka3
Kd3 53. h4 Ke2 54. Rg7 Kf2 55. Nxg3 Rxg3 56. Rxa7 Re4 57. h5 Ke3 58. h6 Rh3 59.
Kb2 Rxh6 60. a4 Rb6 61. Ka2 Kd4 62. a5 Rb8 63. Rc7 Re2+ 64. Ka3 Re3 0-1

[Event "25th European Teams"]
[Site "Batumi GEO"]
[Date "2025.10.10"]
[Round "6.2"]
[Board "3"]
[White "Van Wely, Loek"]
[Black "Indjic, Aleksandar"]
[Result "1/2-1/2"]
[WhiteTitle "GM"]
[BlackTitle "GM"]
[WhiteElo "2630"]
[BlackElo "2618"]
[WhiteTeam "Netherlands"]
[BlackTeam "Serbia"]
[WhiteFideId "1000268"]
[BlackFideId "911925"]
[EventDate "2025.10.05"]

1. d4 d6 2. Nf3 g6 3. c4 Bg7 4. Nc3 c5 5. dxc5 dxc5 6. Qxd8+ Kxd8 7. Bd2 Bd7 8.
O-O-O Nc6 9. g3 Ke8 10. Bg2 Rc8 11. h4 h6 12. Ne1 h5 13. Nd3 b6 14. Nf4 Nf6 15.
b3 Ng4 16. Rhf1 Nd4 17. e3 Nc6 18. Nb5 a6 19. Bc3 Be5 20. Bxe5 Ngxe5 21. Nc3 e6
22. Rd2 Ke7 23. Nfd5+ exd5 24. Nxd5+ Ke6 25. Nxb6 Nb8 26. f4 Ng4 27. Rfd1 Rc7
28. e4 Bc6 29. Rd8 Rxd8 30. Rxd8 Rb7 31. Nd5 Bd7 32. Rf8 Nc6 33. f5+ Kd6 34.
Rxf7 Nce5 35. Rh7 Bc6 36. fxg6 Nxg6 37. Rxh5 N6e5 38. Bh3 Rf7 39. Bxg4 Nxg4 40.
Rg5 Ne5 41. Rf5 Rxf5 42. exf5 Bxd5 43. cxd5 Ng4 44. h5 Kxd5 45. Kd2 Kd4 46. Ke2
Ke4 47. Kd2 Kd4 48. Ke2 Ke4 49. Kd2 1/2-1/2

[Event "25th European Teams"]
[Site "Batumi GEO"]
[Date "2025.10.10"]
[Round "6.2"]
[Board "4"]
[White "Ivic, Velimir"]
[Black "L'Ami, Erwin"]
[Result "1/2-1/2"]
[WhiteTitle "GM"]
[BlackTitle "GM"]
[WhiteElo "2628"]
[BlackElo "2615"]
[WhiteTeam "Serbia"]
[BlackTeam "Netherlands"]
[WhiteFideId "950122"]
[BlackFideId "1007998"]
[EventDate "2025.10.05"]

1. e4 c5 2. Nc3 Nc6 3. Nf3 g6 4. d4 cxd4 5. Nxd4 Bg7 6. Be3 Nf6 7. Bc4 O-O 8.
Bb3 d6 9. f3 Qa5 10. Qd2 Nxd4 11. Bxd4 Be6 12. O-O-O b5 13. Kb1 b4 14. Bxe6 fxe6
15. Ne2 Qb5 16. h4 a5 17. h5 gxh5 18. Be3 Kf7 19. Nd4 Qc4 20. Rh4 a4 21. e5 dxe5
22. Nf5 Qc7 23. Nxg7 Rfd8 24. Qc1 Rxd1 25. Qxd1 Kxg7 26. Bd2 Qd6 27. Rxb4 Nd5
28. Re4 a3 29. Qe1 axb2 30. Qg3+ Kf7 31. Qxe5 Nf6 32. Qxd6 exd6 33. Rb4 e5 34.
a4 Ke6 35. Kxb2 Nd5 36. Rh4 Rg8 37. g4 hxg4 38. fxg4 Nb6 39. Kb3 Kd5 40. g5 Nd7
41. c4+ Kc6 42. Rxh7 Nc5+ 43. Ka3 Ne4 44. Ba5 d5 45. cxd5+ Kxd5 46. Rd7+ Ke6 47.
Rd8 Rxd8 48. Bxd8 Kd7 49. Bf6 Nxg5 50. Bxg5 Kc6 1/2-1/2

[Event "25th European Teams"]
[Site "Batumi GEO"]
[Date "2025.10.10"]
[Round "6.3"]
[Board "1"]
[White "Rapport, Richard"]
[Black "Theodorou, Nikolas"]
[Result "1/2-1/2"]
[WhiteTitle "GM"]
[BlackTitle "GM"]
[WhiteElo "2724"]
[BlackElo "2652"]
[WhiteTeam "Hungary"]
[BlackTeam "Greece"]
[WhiteFideId "738590"]
[BlackFideId "4262875"]
[EventDate "2025.10.05"]

1. c4 Nf6 2. g3 g6 3. Bg2 Bg7 4. Nc3 O-O 5. Nf3 c5 6. d4 d6 7. O-O Nc6 8. dxc5
dxc5 9. Bf4 Bf5 10. Qc1 Qc8 11. Bh6 Bh3 12. Bxg7 Kxg7 13. Nd5 Bxg2 14. Kxg2 Qf5
15. Rd1 Rad8 16. Qc3 Qe4 17. Rd3 Nd4 18. Re3 Nxd5 19. cxd5 Qxd5 20. Re5 Qd6 21.
Rxc5 Qf6 22. Rc7 Nxf3 23. Qxf6+ Kxf6 24. Kxf3 Rd2 25. b4 Rb8 26. a4 a6 27. Ra3
Rd4 28. Re3 Rxb4 29. Rexe7 Rf8 30. Rxb7 Rxa4 31. e4 Ra5 32. Kf4 Ra4 33. Kg4 h5+
34. Kh3 g5 35. Kg2 Ra5 36. Rec7 Re5 37. Kf3 g4+ 38. Ke3 a5 39. Ra7 Kg6 40. Ra6+
Kg7 41. Raa7 Kg6 42. Rc6+ Kg7 43. Rc4 Rb5 44. Kf4 Re8 45. Rcc7 Rbe5 46. Rxf7+
Kg6 47. Rg7+ Kh6 48. Rh7+ Kg6 49. Rhg7+ Kh6 50. f3 gxf3 51. Kxf3 Rxe4 52. h4
Re3+ 53. Kg2 Re1 54. Rh7+ Kg6 55. Rhg7+ Kh6 56. Rh7+ Kg6 57. Rag7+ Kf6 58. Rf7+
Kg6 59. Kf3 1/2-1/2

[Event "25th European Teams"]
[Site "Batumi GEO"]
[Date "2025.10.10"]
[Round "6.3"]
[Board "2"]
[White "Kourkoulos-Arditis, Stamatis"]
[Black "Leko, Peter"]
[Result "1/2-1/2"]
[WhiteTitle "GM"]
[BlackTitle "GM"]
[WhiteElo "2583"]
[BlackElo "2666"]
[WhiteTeam "Greece"]
[BlackTeam "Hungary"]
[WhiteFideId "4221990"]
[BlackFideId "703303"]
[EventDate "2025.10.05"]

1. e4 e5 2. Nf3 Nc6 3. Bc4 Bc5 4. c3 Nf6 5. d4 exd4 6. e5 d5 7. Bb5 Ne4 8. cxd4
Bb6 9. Nc3 O-O 10. Be3 Bg4 11. h3 Bh5 12. Rc1 Nxc3 13. bxc3 f6 14. exf6 Qxf6 15.
Be2 Bxf3 16. Bxf3 Ne7 17. O-O c6 18. Rc2 Nf5 19. Bc1 Rfe8 20. Be2 Bc7 21. Bd3
Nd6 22. Qg4 Qf7 23. g3 b5 24. a4 a6 25. Bf4 Ne4 26. Bxc7 Qxc7 27. Ra1 Rad8 28.
axb5 axb5 29. Rca2 Qf7 30. Bxe4 Rxe4 31. Ra8 Rde8 32. Rxe8+ 1/2-1/2

[Event "25th European Teams"]
[Site "Batumi GEO"]
[Date "2025.10.10"]
[Round "6.3"]
[Board "3"]
[White "Banusz, Tamas"]
[Black "Mastrovasilis, Dimitrios"]
[Result "1/2-1/2"]
[WhiteTitle "GM"]
[BlackTitle "GM"]
[WhiteElo "2588"]
[BlackElo "2522"]
[WhiteTeam "Hungary"]
[BlackTeam "Greece"]
[WhiteFideId "722413"]
[BlackFideId "4202694"]
[EventDate "2025.10.05"]

1. c4 e6 2. Nf3 d5 3. e3 Nf6 4. b3 b6 5. Bb2 Bb7 6. cxd5 exd5 7. g3 Bd6 8. Bg2
O-O 9. O-O Re8 10. Nc3 a6 11. Rc1 Nbd7 12. Re1 Rc8 13. d3 h6 14. Re2 c5 15. d4
c4 16. a4 Bb4 17. Nd2 b5 18. axb5 Bxc3 19. Bxc3 axb5 20. bxc4 bxc4 21. f3 Qe7
22. Qc2 Ra8 23. Rb1 Bc6 24. Rbe1 Qa3 25. Nb1 Qb3 26. Qc1 Ra2 27. Rxa2 Qxa2 28.
Bf1 Nb6 29. Re2 Qa7 30. Be1 Qa1 31. Bc3 Qa7 32. Kf2 Na4 33. Ra2 Rb8 34. Bd2 Qd7
35. Qc2 Rb3 36. Nc3 Nxc3 37. Bxc3 Ba4 38. Qd2 Rb1 39. Kg2 h5 40. Be2 Qb5 41. h3
Qe8 42. Ra1 Rxa1 43. Bxa1 Bb3 44. Bb2 Qa4 45. Kf2 Bc2 46. Qc3 Bd1 47. Bf1 1/2-1/2

[Event "25th European Teams"]
[Site "Batumi GEO"]
[Date "2025.10.10"]
[Round "6.3"]
[Board "4"]
[White "Pavlidis, Antonios"]
[Black "Sjugirov, Sanan"]
[Result "1/2-1/2"]
[WhiteTitle "GM"]
[BlackTitle "GM"]
[WhiteElo "2579"]
[BlackElo "2632"]
[WhiteTeam "Greece"]
[BlackTeam "Hungary"]
[WhiteFideId "4212312"]
[BlackFideId "4189302"]
[EventDate "2025.10.05"]

1. e4 c5 2. Nf3 d6 3. Bb5+ Bd7 4. Bxd7+ Nxd7 5. O-O Ngf6 6. Qe2 e6 7. c4 Ne5 8.
b3 Be7 9. Bb2 Nxf3+ 10. Qxf3 O-O 11. d4 cxd4 12. Bxd4 Qa5 13. Rd1 a6 14. Nd2
Rac8 15. a4 Rfd8 16. h3 Nd7 17. Bc3 Qc5 18. Nf1 Bf6 19. Bxf6 Nxf6 20. Ra2 Qe5
21. Re2 Rc6 22. Qe3 Rdc8 23. Nh2 Nd7 24. Nf3 Qc5 25. Nd4 R6c7 26. Red2 h6 27.
Qg3 Nf6 28. Re2 Qe5 29. Qd3 Qc5 30. Qg3 Qe5 31. Qd3 Qa5 32. Qg3 Rd7 33. Qe3 Qc5
34. f3 Rdc7 35. Nc2 b5 36. Qxc5 Rxc5 37. axb5 axb5 38. Rxd6 bxc4 39. bxc4 Rxc4
40. Ne3 Ra4 41. Rc2 Rxc2 42. Nxc2 Nh5 43. Rd2 Ra2 44. Kf2 Nf4 45. h4 g5 46. hxg5
hxg5 47. g3 Ng6 48. Ke2 Ne5 49. f4 Ng6 50. f5 exf5 51. exf5 Ne5 52. Ne3 Ra4 53.
Rd5 Nc6 54. Kf3 Kg7 55. Rc5 Nd4+ 56. Kg2 Ra2+ 57. Kh3 Re2 58. Rc3 Kf6 1/2-1/2

[Event "25th European Teams"]
[Site "Batumi GEO"]
[Date "2025.10.10"]
[Round "6.4"]
[Board "1"]
[White "Mamedyarov, Shakhriyar"]
[Black "Sargsyan, Shant"]
[Result "1-0"]
[WhiteTitle "GM"]
[BlackTitle "GM"]
[WhiteElo "2742"]
[BlackElo "2667"]
[WhiteTeam "Azerbaijan"]
[BlackTeam "Armenia"]
[WhiteFideId "13401319"]
[BlackFideId "13306766"]
[EventDate "2025.10.05"]

1. c4 Nf6 2. Nc3 e5 3. Nf3 Nc6 4. g3 d5 5. cxd5 Nxd5 6. Bg2 Bc5 7. O-O O-O 8.
Nxd5 Qxd5 9. d3 h6 10. Bd2 Rd8 11. Bc3 Qe6 12. Nd2 a5 13. Rc1 a4 14. a3 Qe7 15.
Qc2 Ra6 16. Bxc6 bxc6 17. Rfe1 h5 18. Bxe5 Bxf2+ 19. Kxf2 Qxe5 20. Nf3 Qb5 21.
Qc5 Qxb2 22. Qe7 Qf6 23. Qxf6 gxf6 24. Rc5 Bg4 25. Rec1 Rd6 26. R1c4 Rb6 27. Nd2
Re6 28. e4 f5 29. Rxa4 Rb2 30. Ke3 Ra2 31. e5 f6 32. d4 Kf7 33. Ra7 Ke8 34. Nc4
fxe5 35. Nxe5 Kd8 36. Kf4 Rf2+ 37. Kg5 Bf3 38. Ra8+ Ke7 39. Ng6+ Rxg6+ 40. Kxg6
Bd5 41. Kxh5 Rxh2+ 42. Kg5 Rf2 43. Rc3 Be4 44. Re3 Ke6 45. Ra5 Kd6 46. Kf6 Rf1
47. a4 Rd1 48. g4 Rxd4 49. gxf5 c5 50. Ra6+ c6 51. Ra8 Bd5 52. Ra3 Kc7 53. a5
Kb7 54. Rd8 Ka6 55. Ke5 Re4+ 56. Kd6 c4 57. Ra8+ Kb7 58. Rf8 Ka6 59. f6 Rf4 60.
Kc7 Rf1 61. Ra8+ Kb5 62. a6 c3 63. Rxc3 Kb4 64. Rc2 Rxf6 65. Rb8+ Ka5 66. Rc1 1-0

[Event "25th European Teams"]
[Site "Batumi GEO"]
[Date "2025.10.10"]
[Round "6.4"]
[Board "2"]
[White "Hovhannisyan, Robert"]
[Black "Mamedov, Rauf"]
[Result "1/2-1/2"]
[WhiteTitle "GM"]
[BlackTitle "GM"]
[WhiteElo "2633"]
[BlackElo "2655"]
[WhiteTeam "Armenia"]
[BlackTeam "Azerbaijan"]
[WhiteFideId "13302507"]
[BlackFideId "13401653"]
[EventDate "2025.10.05"]

1. e4 c5 2. Nf3 Nc6 3. d4 cxd4 4. Nxd4 Nf6 5. Nc3 e5 6. Ndb5 d6 7. Bg5 a6 8. Na3
b5 9. Nd5 Be7 10. Bxf6 Bxf6 11. c3 Rb8 12. Nc2 Bg5 13. g3 O-O 14. h4 Bh6 15. Bh3
Bb7 16. Qd3 Ne7 17. Ncb4 f5 18. exf5 e4 19. Qd4 Nxf5 20. Bxf5 Rxf5 21. g4 Re5
22. g5 Bxg5 23. hxg5 a5 24. Ne3 axb4 25. Qxb4 Rxg5 26. O-O-O Qf6 27. Qxd6 Qxd6
28. Rxd6 Rf8 29. Rh2 h5 30. Kc2 Bc8 31. Rd4 Re5 32. Kd2 Be6 33. a4 Ra8 34. axb5
Rxb5 35. Rxe4 Rxb2+ 36. Kc1 Re2 37. Kd1 Rb2 38. Kc1 Re2 39. Kd1 Rb2 1/2-1/2

[Event "25th European Teams"]
[Site "Batumi GEO"]
[Date "2025.10.10"]
[Round "6.4"]
[Board "3"]
[White "Safarli, Eltaj"]
[Black "Martirosyan, Haik M."]
[Result "1/2-1/2"]
[WhiteTitle "GM"]
[BlackTitle "GM"]
[WhiteElo "2630"]
[BlackElo "2626"]
[WhiteTeam "Azerbaijan"]
[BlackTeam "Armenia"]
[WhiteFideId "13402129"]
[BlackFideId "13306553"]
[EventDate "2025.10.05"]

1. e4 e5 2. Nf3 Nc6 3. Bb5 Nf6 4. O-O Nxe4 5. Re1 Nd6 6. Nxe5 Be7 7. Bf1 Nxe5 8.
Rxe5 O-O 9. d4 Ne8 10. d5 Bc5 11. Re1 d6 12. Nc3 Bf5 13. Bd3 Qf6 14. Be3 Qg6 15.
Bxf5 Qxf5 16. Bxc5 dxc5 17. Ne4 b6 18. c4 Qd7 19. a4 Nd6 20. Nxd6 cxd6 21. Qb3
Rfe8 22. Qb5 Qxb5 23. axb5 Rxe1+ 24. Rxe1 Kf8 25. Ra1 Re8 26. f3 Re7 27. Kf2 g6
28. g4 Kg7 29. h4 f6 30. f4 Kf7 31. Kf3 Kg7 32. b3 Kf7 33. Rh1 Kg7 34. g5 f5 35.
h5 Kg8 36. hxg6 hxg6 37. Rh6 Kg7 38. Rh1 Kg8 39. Rh6 Kg7 40. Rh1 1/2-1/2